Central Library OPAC University of Rajshahi

Cultural psychology : (Record no. 67757)

MARC details
000 -LEADER
fixed length control field 01324nam a2200337 a 4500
001 - CONTROL NUMBER
control field 67757
003 - CONTROL NUMBER IDENTIFIER
rucl marc code BD-RjUL
005 - DATE AND TIME OF LATEST TRANSACTION
control field 20211209081706.0
008 - FIXED-LENGTH DATA ELEMENTS--GENERAL INFORMATION
fixed length control field 170328s1990 enka 101 0 eng
020 ## - INTERNATIONAL STANDARD BOOK NUMBER
International Standard Book Number 0521371546
International Standard Book Number 0521378044 (pbk.)
035 ## - SYSTEM CONTROL NUMBER
System control number (BD-RjUL)67966
040 ## - CATALOGING SOURCE
Original cataloging agency DLC
Transcribing agency DLC
Modifying agency BD-RjUL
Language of cataloging eng
041 ## - LANGUAGE CODE
Language code of text/sound track or separate title eng
082 00 - DEWEY DECIMAL CLASSIFICATION NUMBER
Classification number 155.82
Edition number 23
Author mark and year CUL 1990
245 00 - TITLE STATEMENT
Title Cultural psychology :
Remainder of title essays on comparative human development /
Statement of responsibility, etc. edited by James W. Stigler, Richard A. Shweder, Gilbert Herdt.
260 ## - PUBLICATION, DISTRIBUTION, ETC. (IMPRINT)
Place of publication, distribution, etc. Cambridge ;
-- New York :
Name of publisher, distributor, etc. Cambridge University Press,
Date of publication, distribution, etc. c1990 [reprinted 1997]
300 ## - PHYSICAL DESCRIPTION
Pagination ix, 625 p. :
Illustrations ill. ;
Size 24 cm.
500 ## - GENERAL NOTE
General note Includes index.
650 #0 - SUBJECT ADDED ENTRY--TOPICAL TERM
Topical term or geographic name as entry element Ethnopsychology
General subdivision Congresses.
9 (RLIN) 200876
Topical term or geographic name as entry element Cognition and culture
General subdivision Congresses.
9 (RLIN) 200877
700 1# - ADDED ENTRY--PERSONAL NAME
Personal name Stigler, James W.
Personal name Shweder, Richard A.
Personal name Herdt, Gilbert H.,
710 2# - ADDED ENTRY--CORPORATE NAME
Corporate name or jurisdiction name as entry element University of Chicago.
Subordinate unit Committee on Human Development.
9 (RLIN) 200881
856 41 - ELECTRONIC LOCATION AND ACCESS
Materials specified Sample text
Uniform Resource Identifier <a href="http://www.loc.gov/catdir/samples/cam034/88037008.html">http://www.loc.gov/catdir/samples/cam034/88037008.html</a>
Materials specified Table of contents
Uniform Resource Identifier <a href="http://www.loc.gov/catdir/toc/cam031/88037008.html">http://www.loc.gov/catdir/toc/cam031/88037008.html</a>
Materials specified Publisher description
Uniform Resource Identifier <a href="http://www.loc.gov/catdir/description/cam023/88037008.html">http://www.loc.gov/catdir/description/cam023/88037008.html</a>
942 ## - ADDED ENTRY ELEMENTS (KOHA)
Source of classification or shelving scheme Dewey Decimal Classification
Koha item type Books
Holdings
Lost status Source of classification or shelving scheme Damaged status Not for loan Collection code Permanent Location Current Location Shelving location Date acquired Source of acquisition Total Checkouts Full call number Date last seen Copy number Koha item type
  Dewey Decimal Classification   Not For Loan Non-fiction Central Library, University of Rajshahi Central Library, University of Rajshahi Reading Room 14/09/1998 Unicef   155.82 CUL 1997 28/03/2017 C-1 Books